000 01338nam0a22003011 4500
001 rc\3933360
005 20260406073323.0
021 _aRU
_b[56-63861]
035 _a(NLR Aleph) 007916565
090 _a8130906
_c8130906
100 _a20130415d1956 |||y0rusy50 ca
101 0 _arus
102 _aRU
105 _aa z |||a|
200 1 _aПортрет и зеркало
_e[Стихи]
_fИл. Б. Ефимова
210 _aМосква
_cПравда
_d1956
215 _a64 с.
_cил.
_d18
225 1 _aБиблиотека "Крокодила"
_v№ 144
327 0 _aЦиклы: Лакированный коготь; Аполлон и другие; "Сегодня в номере..."; Отрывки из ненаписанного
464 0 _12001#$aЛакированный коготь$aАполлон и другие$a"Сегодня в номере..."$aОтрывки из ненаписанного
_tОтрывки из ненаписанного
700 1 _aКроткий
_bЭ.
_f1892-1963
_gЭмиль
702 1 _4440
_7ca
_8rus
_aЕфимов
_bБ. Е.
_cхудожник-карикатурист
_f1900-2008
_gБорис Ефимович
_3RU\NLR\AUTH\7731493
_914503
801 0 _aRU
_bNLR
_gpsbo
801 1 _aRU
_bELAR
_2rusmarc
852 _aNLR
_jЛ30 Г-2/3490
942 _cBOOK
980 _aNB